000 00456nam a2200181Ia 4500
001 9277
005 20260306160712.0
008 260306t2013||||xx |||||||||||||| ||spa||
041 _aESP
082 _a378.01
_bS21
100 _aSanz de Acedo Lizarraga, Ma. Luisa
_eAUT
245 0 _aCompetencias cognitivas en educación superior
260 _c2013
300 _a159 páginas :
_c24 cm.
650 _aGEN
654 _aCED
942 _cLIB
_dJUS
_fJUS
_2ddc
_n
999 _c9277
_d9277